000 00354nam a2200157Ia 4500
003 Ost
005 20260225132550.0
008 260225s9999||||xx |||||||||||||| ||und||
040 _cfsic
041 _afre
082 _a440
100 _aDenise Brahimi
_eAuteur
245 0 _aLes terrasses de Bou-Saada /
245 0 _cDenise Brahimi
942 _cكتاب
999 _c34086
_d34086